000 01042nam a2200253 i 4500
001 32075
003 ES-MaACL
005 20230906154515.0
007 t|
008 030214s1943 sp ||||1| spa d
080 _a913(460)(084)
100 1 _aCalleja, Rafael.
_933721
245 1 0 _aApología turística de España :
_bcuatrocientas treinta y nueve fotografías de paisajes, monumentos y aspectos típicos españoles /
_ctexto, selección fotográfica y dirección artística de la edición por Rafael Calleja.
260 _aMadrid :
_bDirección General del Turismo,
_c1943.
300 _a46, 237 p. :
_bprincipalmente fot. ;
_c31 c,.
490 1 _aPublicaciones de la Dirección General del Turismo
651 4 _aEspaña-
_vObras ilustradas.
_98388
651 4 _aEspaña-
_xDescripción-
_yS.XX.
_98187
710 1 _aEspaña.
_bDirección General de Turismo.
_9172729
830 1 _aPublicaciones de la Dirección General del Turismo
_9184203
852 _aES-MaACL
_jC-19425
852 _aES-MaACL
_jF-15781
999 _c32075
_d32075